MARC

Tag First Indicator Second Indicator Subfields
LEADER 00000cas a2200000 4500
001 in00000041624
008 760620d19451958nyuuu s 0 0eng d
005 20250416204353.3
010 |a  47022789  
019 |a 1211162 
035 |a (OCoLC)ocm02251958 
035 |a (OCoLC)2251958  |z (OCoLC)1211162 
035 |a (OCoLC)ocm02251958 
040 |a MUL  |b eng  |c MUL  |d OCL  |d OCLCQ  |d LVB  |d OCLCQ  |d NUI  |d OCLCF  |d OCLCO  |d OCLCQ  |d COM  |d OCLCO  |d OCLCQ  |d OCL  |d OCLCO  |d OCLCL  |d OCLCO 
043 |a n-us--- 
050 4 |a TN872  |b .A318 
082 0 4 |a 665.5 
245 0 0 |a Statistics of oil and gas development and production. 
264 1 |a New York :  |b Society of Petroleum Engineers of AIME. 
300 |a 13 volumes :  |b illustrations ;  |c 28 cm 
336 |a text  |b txt  |2 rdacontent 
337 |a unmediated  |b n  |2 rdamedia 
338 |a volume  |b nc  |2 rdacarrier 
362 0 |a v. [1]-13; 1945-1958. 
500 |a Volumes for 1945-1954 issued by the Petroleum Review Committee [called 1945-1946 Committee on Production (Statistical)] Petroleum Branch (called 1945- Petroleum Division) of the American Institute of Mining, Metallurgical, and Petroleum Engineers (called 1945-1954 American Institute of Mining and Metallurgical Engineers). 
500 |a American Institute of Mining, Metallurgical, and Petroleum Engineers. Petroleum Branch. Production Review Committee./-Statistics of oil and gas development and production. 
580 |a Merged with: Oil and gas field development in the United States and Canada, to become: International oil and gas development. 
650 0 |a Petroleum industry and trade  |v Statistics  |v Periodicals. 
650 0 |a Natural gas  |v Statistics  |v Periodicals. 
650 0 |a Natural gas  |z United States  |v Periodicals. 
650 0 |a Petroleum industry and trade  |z United States  |v Periodicals. 
650 0 |a Natural gas  |z United States  |x Periodicals. 
650 0 |a Petroleum industry and trade  |z United States  |x Periodicals. 
650 7 |a Natural gas  |2 fast 
650 7 |a Petroleum industry and trade  |2 fast 
651 7 |a United States  |2 fast  |1 https://id.oclc.org/worldcat/entity/E39PBJtxgQXMWqmjMjjwXRHgrq 
655 2 |a Statistics 
655 2 |a Periodical 
655 7 |a serials (publications)  |2 aat 
655 7 |a periodicals.  |2 aat 
655 7 |a Serial publications  |2 fast 
655 7 |a Periodicals  |2 fast 
655 7 |a Statistics  |2 fast 
655 7 |a Serial publications.  |2 lcgft 
655 7 |a Statistics.  |2 lcgft 
655 7 |a Periodicals.  |2 lcgft 
710 2 |a Society of Petroleum Engineers of AIME.  |1 https://id.oclc.org/worldcat/entity/E39QQPVp7R7HmXGYrdMFDQtXtg 
776 0 8 |i Online version:  |a Society of Petroleum Engineers of AIME. Production Review Committee.  |t Statistics of oil and gas development and production 
785 1 7 |t Oil and gas field development in the United States and Canada  |w (OCoLC)6664188 
785 1 7 |t International oil and gas development  |x 0535-1634  |w (OCoLC)8003819 
948 |h HELD BY TXA - 74 OTHER HOLDINGS 
994 |a Z0  |b TXA 
999 f f |s 79a763ae-1586-355f-a55e-37655b4848ac  |i b3ac66ca-2078-3e6d-b26e-e5fc4637b50c  |t 0 
952 f f |p normal  |a Texas A&M University  |b College Station  |c Sterling C. Evans Library  |d Evans: Library Stacks  |t 0  |e TN872 .A318  |h Library of Congress classification  |i unmediated -- volume  |k v.4  |l 1948  |m A14842019862 
952 f f |p normal  |a Texas A&M University  |b College Station  |c Sterling C. Evans Library  |d Evans: Library Stacks  |t 0  |e TN872 .A318  |h Library of Congress classification  |i unmediated -- volume  |k v.13  |l 1958  |m A14842020019 
952 f f |p normal  |a Texas A&M University  |b College Station  |c Sterling C. Evans Library  |d Evans: Library Stacks  |t 0  |e TN872 .A318  |h Library of Congress classification  |i unmediated -- volume  |k v.6  |l 1951  |m A14842019847 
952 f f |p normal  |a Texas A&M University  |b College Station  |c Sterling C. Evans Library  |d Evans: Library Stacks  |t 0  |e TN872 .A318  |h Library of Congress classification  |i unmediated -- volume  |k v.13  |l 1958  |m A14836282069 
952 f f |p normal  |a Texas A&M University  |b College Station  |c Sterling C. Evans Library  |d Evans: Library Stacks  |t 0  |e TN872 .A318  |h Library of Congress classification  |i unmediated -- volume  |k v.11  |l 1956  |m A14842020035 
952 f f |p normal  |a Texas A&M University  |b College Station  |c Sterling C. Evans Library  |d Evans: Library Stacks  |t 0  |e TN872 .A318  |h Library of Congress classification  |i unmediated -- volume  |k v.12  |l 1957  |m A14842020027 
952 f f |p normal  |a Texas A&M University  |b College Station  |c Sterling C. Evans Library  |d Evans: Library Stacks  |t 0  |e TN872 .A318  |h Library of Congress classification  |i unmediated -- volume  |k v.10  |l 1955  |m A14842020043 
952 f f |p normal  |a Texas A&M University  |b College Station  |c Sterling C. Evans Library  |d Evans: Library Stacks  |t 0  |e TN872 .A318  |h Library of Congress classification  |i unmediated -- volume  |k v.5  |l 1950  |m A14842019854 
952 f f |p normal  |a Texas A&M University  |b College Station  |c Sterling C. Evans Library  |d Evans: Library Stacks  |t 0  |e TN872 .A318  |h Library of Congress classification  |i unmediated -- volume  |k v.2  |l 1946  |m A14842019888 
952 f f |p normal  |a Texas A&M University  |b College Station  |c Sterling C. Evans Library  |d Evans: Library Stacks  |t 0  |e TN872 .A318  |h Library of Congress classification  |i unmediated -- volume  |k v.9  |l 1954  |m A14842019813 
952 f f |p normal  |a Texas A&M University  |b College Station  |c Sterling C. Evans Library  |d Evans: Library Stacks  |t 0  |e TN872 .A318  |h Library of Congress classification  |i unmediated -- volume  |k v.3  |l 1947  |m A14842019870 
952 f f |p normal  |a Texas A&M University  |b College Station  |c Sterling C. Evans Library  |d Evans: Library Stacks  |t 0  |e TN872 .A318  |h Library of Congress classification  |i unmediated -- volume  |k v.7  |l 1952  |m A14842019839 
952 f f |p normal  |a Texas A&M University  |b College Station  |c Sterling C. Evans Library  |d Evans: Library Stacks  |t 0  |e TN872 .A318  |h Library of Congress classification  |i unmediated -- volume  |k v.8  |l 1953  |m A14842019821 
952 f f |a Texas A&M University  |b College Station  |c Sterling C. Evans Library  |d Halbouty Reading Rm (Halbouty Bldg 173) (Does not check out)  |t 0  |e 024.11 A  |h Dewey Decimal classification 
998 f f |a TN872 .A318  |s v.13 (1958)  |t 0  |l Evans: Library Stacks 
998 f f |a 024.11 A  |s 1946-1948,covering 1948,v.5(1950)-v.7(1952),v.9(1954)- v.11(1956),v.13(1958)  |t 0  |l Halbouty Reading Rm (Halbouty Bldg 173) (Does not check out) 
998 f f |a TN872 .A318  |s v.1-3,3-13 (1946-1948,1950-1958)  |t 0  |l Evans: Library Stacks